000 05404nam a22007575i 4500
001 978-3-030-69441-8
003 DE-He213
005 20260304123905.0
007 cr nn 008mamaa
008 210831s2021 sz | s |||| 0|eng d
020 _a9783030694418
_9978-3-030-69441-8
024 7 _a10.1007/978-3-030-69441-8
_2doi
050 4 _aJV6001-9480
050 4 _aHB1951-2577
072 7 _aJFFN
_2bicssc
072 7 _aSOC007000
_2bisacsh
072 7 _aJBFH
_2thema
072 7 _aRGCG
_2thema
082 0 4 _a304.8
_223
100 1 _aDanisi, Carmelo.
_eauthor.
_4aut
_4http://id.loc.gov/vocabulary/relators/aut
_923390
245 1 0 _aQueering Asylum in Europe
_h[electronic resource] :
_bLegal and Social Experiences of Seeking International Protection on grounds of Sexual Orientation and Gender Identity /
_cby Carmelo Danisi, Moira Dustin, Nuno Ferreira, Nina Held.
250 _a1st ed. 2021.
264 1 _aCham :
_bSpringer International Publishing :
_bImprint: Springer,
_c2021.
300 _aXXII, 487 p. 14 illus.
_bonline resource.
336 _atext
_btxt
_2rdacontent
337 _acomputer
_bc
_2rdamedia
338 _aonline resource
_bcr
_2rdacarrier
341 0 _bTable of contents navigation
_2onix
341 0 _bSingle logical reading order
_2onix
341 0 _bShort alternative textual descriptions
_2onix
341 0 _bUse of color is not sole means of conveying information
_2onix
341 0 _bUse of high contrast between text and background color
_2onix
341 0 _bNext / Previous structural navigation
_2onix
341 0 _bAll non-decorative content supports reading without sight
_2onix
347 _atext file
_bPDF
_2rda
490 1 _aIMISCOE Research Series,
_x2364-4095
505 0 _aPart I: Contextualising SOGI asylum research -- Chapter 1. Why sexual orientation and gender identity asylum? -- Chapter 2. Researching SOGI asylum -- Chapter 3. A theoretical framework: A human rights reading of SOGI asylum based on feminist and queer studies -- Part II: The legal and social experiences of SOGI asylum claimants and refugees -- Chapter 4. The policy and guidance -- Chapter 5. Life in the countries of origin, departure and travel towards Europe -- Chapter 6. The decision-making procedure.
506 0 _aOpen Access
520 _aThis open access book offers a theoretically and empirically-grounded portrayal of the experiences of people claiming international protection in Europe on the basis of their sexual orientation or gender identity (SOGI). It shows how European asylum systems might and should treat asylum claims based on people’s SOGI in a fairer, more humane way. Through a combined comparative, interdisciplinary (socio-legal), human rights, feminist, queer and intersectional approach, this book examines not only the legal experiences of people claiming asylum on grounds of their SOGI, but also their social experiences outside the asylum decision-making framework. The authors analyse how SOGI-related claims are adjudicated in different European frameworks (European Union, Council of Europe, Germany, Italy and UK) and offer detailed recommendations to adequately address the intersectional experiences of individuals seeking asylum. This unique approach ensures that the book is of interest not only to researchers in migration and refugee studies, law and wider academic communities, but also to policy makers and practitioners in the field of SOGI asylum.
532 8 _aAccessibility summary: This PDF does not fully comply with PDF/UA standards, but does feature limited screen reader support, described non-text content (images, graphs), bookmarks for easy navigation and searchable, selectable text. Users of assistive technologies may experience difficulty navigating or interpreting content in this document. We recognize the importance of accessibility, and we welcome queries about accessibility for any of our products. If you have a question or an access need, please get in touch with us at accessibilitysupport@springernature.com.
532 8 _aNo reading system accessibility options actively disabled
532 8 _aPublisher contact for further accessibility information: accessibilitysupport@springernature.com
650 0 _aEmigration and immigration.
_9607
650 0 _aHuman rights.
650 0 _aEmigration and immigration
_xGovernment policy.
_9608
650 0 _aSex.
_9583
650 1 4 _aHuman Migration.
_9610
650 2 4 _aHuman Rights.
650 2 4 _aMigration Policy.
_9611
650 2 4 _aGender Studies.
_9590
700 1 _aDustin, Moira.
_eauthor.
_4aut
_4http://id.loc.gov/vocabulary/relators/aut
_923391
700 1 _aFerreira, Nuno.
_eauthor.
_0(orcid)0000-0002-7416-9074
_1https://orcid.org/0000-0002-7416-9074
_4aut
_4http://id.loc.gov/vocabulary/relators/aut
_923392
700 1 _aHeld, Nina.
_eauthor.
_4aut
_4http://id.loc.gov/vocabulary/relators/aut
_923393
710 2 _aSpringerLink (Online service)
773 0 _tSpringer Nature eBook
776 0 8 _iPrinted edition:
_z9783030694401
776 0 8 _iPrinted edition:
_z9783030694425
776 0 8 _iPrinted edition:
_z9783030694432
830 0 _aIMISCOE Research Series,
_x2364-4095
_9615
856 4 0 _uhttps://doi.org/10.1007/978-3-030-69441-8
912 _aZDB-2-SLS
912 _aZDB-2-SXS
912 _aZDB-2-SOB
999 _c571324
_d571324